Fossil Fuel Dependency by Country - Statistics

General Stats
  • This quiz has been taken 48 times
  • The average score is 18 of 25
Answer Stats
% of Energy Use Dependent on Fossil Fuels Country % Correct
100.00 Saudi Arabia
95%
99.91 United Arab Emirates
90%
98.48 Yemen
90%
96.27 Egypt
88%
99.33 Iran
88%
96.77 Israel
88%
100.00 Kuwait
88%
100.00 Oman
88%
100.00 Qatar
88%
97.24 Jordan
86%
98.10 Syria
86%
97.34 Iraq
83%
99.86 Algeria
76%
99.92 Bahrain
76%
99.00 Libya
74%
96.27 Lebanon
71%
98.48 Azerbaijan
67%
98.01 Uzbekistan
67%
98.89 Kazakhstan
64%
100.00 Brunei
55%
97.59 Singapore
52%
94.78 Malaysia
45%
95.51 Mongolia
43%
98.56 Malta
29%
99.93 Trinidad and Tobago
14%
No matching quizzes found
Score Distribution
Percent of People with Each Score
Percentile by Number Answered
Your Score History
You have not taken this quiz